The practice of management
The Practice of Management was the first book to look at management as a whole and being a manager as a separate responsibility. The Practice of Management created the discipline of modern management practices. Readable, fundamental, and basic, it remains an essential book for students, aspiring man...
Đã lưu trong:
| Tác giả chính: | |
|---|---|
| Định dạng: | Sách |
| Ngôn ngữ: | Undetermined |
| Được phát hành: |
London
Pan Books
1955
|
| Những chủ đề: | |
| Các nhãn: |
Thêm thẻ
Không có thẻ, Là người đầu tiên thẻ bản ghi này!
|
| Thư viện lưu trữ: | Trung tâm Học liệu Trường Đại học Cần Thơ |
|---|
| LEADER | 00864nam a2200193Ia 4500 | ||
|---|---|---|---|
| 001 | CTU_218814 | ||
| 008 | 210402s9999 xx 000 0 und d | ||
| 082 | |a 658 | ||
| 082 | |b D794 | ||
| 100 | |a Drucker, Peter Ferdinand | ||
| 245 | 4 | |a The practice of management | |
| 245 | 0 | |c Peter Ferdinand Drucker | |
| 260 | |a London | ||
| 260 | |b Pan Books | ||
| 260 | |c 1955 | ||
| 520 | |a The Practice of Management was the first book to look at management as a whole and being a manager as a separate responsibility. The Practice of Management created the discipline of modern management practices. Readable, fundamental, and basic, it remains an essential book for students, aspiring managers, and seasoned professionals | ||
| 650 | |a Industrial management,Quản trị công nghiệp | ||
| 904 | |i Nguyên | ||
| 980 | |a Trung tâm Học liệu Trường Đại học Cần Thơ | ||